000 01163nam0a22002771 4500
001 v19\rc\1658066
005 20260406074335.0
035 _a(NLR Aleph) 005229593
090 _a5590952
_c5590952
100 _a20061002d1890 |||y0rusy50 ca
101 0 _arus
102 _aRU
105 _ac z |||||
200 1 _aЖития святых Петра и Алексия, митрополитов Московских
_e[Сост. по Четий-Минеи]
210 _a[Санкт-Петербург]
_cкн. маг. "Нар. польза"
_dценз. 1890
215 _a11 с.
_cпортр.
_d22
702 0 _4570
_8rus
_7ca
_aПетр
_cмитрополит Московский и всея Руси
_f-1326
_3RU\NLR\AUTH\7711454
_9121200
702 0 _8rus
_7ca
_aАлексий
_cБяконт, Елевферий Федорович
_cмитрополит Всея Руси
_fок.1292-1378
_3RU\NLR\AUTH\7734152
_917158
801 0 _aRU
_bNLR
_c20061002
_gpsbo
801 0 _aRU
_bRuMoRGB
_c20061002
_2psbo
801 1 _aRU
_bProSoft-M
_c20061002
_2rusmarc
801 2 _aRU
_bNLR
_c20070824
_2rusmarc
852 _aNLR
_j18.19.1.74
942 _cBOOK
980 _aNB